| 000 | 01139nam0a22003251 4500 | ||
|---|---|---|---|
| 001 | RU\NLR\INFOCOMM_116\5000052480 | ||
| 005 | 20250613090024.0 | ||
| 035 | _a(NLR Aleph) 009048532 | ||
| 090 |
_a9567913 _c9567913 |
||
| 100 | _a20080830d1969 |||y0rusy50 ca | ||
| 101 | 0 | _aspa | |
| 102 | _aRU | ||
| 105 | _aabc z 000zy | ||
| 200 | 1 |
_aHistoria de la URSS _fS. Alexéiev y V. Kartsov |
|
| 210 |
_aΜ. _cProgreso _d[1969] |
||
| 215 |
_a160 с. _cил., портр. _d21 см _e1 отд. л. карт. |
||
| 300 | _aНа обороте тит. л.: История СССР / С. П. Алексеев и В. Г. Карцов | ||
| 300 | _aНа переплете авт. не указаны | ||
| 517 | 1 | _aИстория СССР | |
| 686 |
_aИр2838 _2rubbk |
||
| 700 | 1 |
_6z01790 _aAlekseev _bS. P. _f1922- _gSergej Petrovič _4070 |
|
| 701 | 1 |
_6z02790 _aKarcov _bV. G. _gVladimir Gennadievič _4070 |
|
| 790 | 1 |
_6z01700 _aAlexéiev _bS. _gSerguéi _4070 |
|
| 790 | 1 |
_9z02701 _aKartsov _bV. _gVladimir _4070 |
|
| 801 | 1 |
_aRU _bNLR _c20080830 |
|
| 801 | 0 |
_aRU _bNLR _gPSBO |
|
| 852 |
_aNLR _jИр11 Д-3/4 |
||
| 942 | _cBOOK | ||
| 980 | _aNB | ||